| 000 | 00463nam a2200145Ia 4500 | ||
|---|---|---|---|
| 008 | 160319s9999 xx 000 0 und d | ||
| 245 | _aPhilippine folk dances / | ||
| 245 | _cthe Maharlika Rondalla ; compiled by Mer Felix. | ||
| 260 | _bAquarius Records. | ||
| 300 | _a1 sound disc (49 min., 29 sec.) : | ||
| 300 | _bdigital ; | ||
| 300 | _c4 3/4 in. | ||
| 650 | _aFolk dance music -- Philippines. | ||
| 700 | _a18 best Philippine folk dances.. Other Title. | ||
| 999 |
_c292798 _d292798 |
||